000 00600nam a2200145 a 4500
001 000032330
005 20200930065602.0
008 110714s1925 dr 000 0 spa d
040 _aDO-SdBNP
_bspa
_cBNPHU
100 1 _aRepública Dominicana
_935843
245 1 0 _aMemoria que al Hon. presidente de la República, presenta el Lic. P. A. Luberes Hijo, secretario de Estado de Justicia é Instrucción Pública de su ejercicio durante el período del 12 de julio al 31 de diciembre 1924.
260 _aSanto Domingo :
_bImp. de J. R. Vda. García,
_c1925.
300 _a112 p. ;
_c27 cm.
049 _aBNPD
999 _c31821
_d31821